000
00253nam a2200109Ia 4500
008
190216s9999||||xx |||||||||||||| ||und||
100
_a
Balakrishna Pillai A
245
0
_a
Malayalam-Kamukan
260
_b
Nbs Kottayam
650
_a
Malayalam
942
_c
BK
999
_c
25330
_d
25330